书目信息 |
| 题名: |
工业水处理技术
|
|
| 作者: | 王建军 , 傅晓萍 , 李本高 主编 | |
| 分册: | 第十五册 | |
| 出版信息: | 北京 中国石化出版社 2014.10 |
|
| 页数: | 391页 | |
| 开本: | 26cm | |
| 丛书名: | ||
| 单 册: | ||
| 中图分类: | TQ085-53 | |
| 科图分类: | ||
| 主题词: | 工业用水--gong ye yong shui--水处理--基本知识 | |
| 电子资源: | ||
| ISBN: | 978-7-5114-3067-0 | |
| 000 | 01019nam0 2200265 450 | |
| 001 | CAL 0120141441152 | |
| 005 | 20150811130839.17 | |
| 010 | @a978-7-5114-3067-0@dCNY80.00 | |
| 100 | @a20141220d2014 em y0chiy50 ea | |
| 101 | 0 | @achi |
| 102 | @aCN@b110000 | |
| 105 | @aak z 000yy | |
| 106 | @ar | |
| 200 | 1 | @a工业水处理技术@Agong ye shui chu li ji shu@h第十五册@f李本高, 王建军, 傅晓萍主编 |
| 210 | @a北京@c中国石化出版社@d2014.10 | |
| 215 | @a391页@c图@d26cm | |
| 330 | @a本书为《工业水处理技术》第十五册, 集中介绍水处理技术有关内容, 是众多从事水处理技术和管理人员近年来研发成果和经验的总结。主要内容包括: 循环水处理技术、污水处理回用技术、化学水处理技术、污水污泥处理技术、水处理药剂、水处理设备等。 | |
| 586 | @a | |
| 606 | 0 | @a工业用水@Agong ye yong shui@x水处理@x基本知识 |
| 690 | @aTQ085-53@v5 | |
| 701 | 0 | @a王建军@Awang jian jun@4主编 |
| 701 | 0 | @a傅晓萍@Afu xiao ping@4主编 |
| 701 | 0 | @a李本高@Ali ben gao@4主编 |
| 801 | 0 | @aCN@c20150820 |
| 905 | @a河南城建学院图书馆@dTQ085-53@eL122:15@f3 | |
| 工业水处理技术.第十五册/李本高, 王建军, 傅晓萍主编.-北京:中国石化出版社,2014.10 |
| 391页:图;26cm |
| ISBN 978-7-5114-3067-0:CNY80.00 |
| 本书为《工业水处理技术》第十五册, 集中介绍水处理技术有关内容, 是众多从事水处理技术和管理人员近年来研发成果和经验的总结。主要内容包括: 循环水处理技术、污水处理回用技术、化学水处理技术、污水污泥处理技术、水处理药剂、水处理设备等。 |
| ● |
| 相关链接 |
|
|
|
正题名:工业水处理技术
索取号:TQ085-53/L122:15
 
预约/预借
| 序号 | 登录号 | 条形码 | 馆藏地/架位号 | 状态 | 备注 |
| 1 | 1163662 | 211636620 | 自科库501/501自科库 139排2列5层/ [索取号:TQ085-53/L122:15] | 在馆 | |
| 2 | 1163663 | 211636639 | 期刊室512/501自科库 139排2列5层/ [索取号:TQ085-53/L122:15] | 在馆 | |
| 3 | 1163664 | 211636648 | 期刊室512/501自科库 139排2列5层/ [索取号:TQ085-53/L122:15] | 在馆 |